Tvorba analytického prostredia pre hodnotenie dát a ich vzťahov v prostredí MS Excel bakalárska práca

Salvato in:
Dettagli Bibliografici
Autore principale: Mizerová, Monika
Ente Autore: Fakulta hospodárskej informatiky EU. Katedra aplikovanej informatiky
Altri autori: Hudec, Miroslav, 1969-
Natura: Libro
Lingua:slovacco
Pubblicazione: Bratislava 2022
Tags: Aggiungi Tag
Nessun Tag, puoi essere il primo ad aggiungerne!!

MARC

LEADER 00000nbm a2200000 4500
001 0286073
005 20221213112827.3
041 0 |a slo 
044 |a SK 
245 1 0 |a Tvorba analytického prostredia pre hodnotenie dát a ich vzťahov v prostredí MS Excel  |b bakalárska práca  |c Monika Mizerová ; školiteľ: Miroslav Hudec 
264 1 |a Bratislava  |c 2022 
300 |a 51 s. 
100 1 |a Mizerová, Monika 
700 1 |a Hudec, Miroslav, 1969- 
710 2 |a Fakulta hospodárskej informatiky EU. Katedra aplikovanej informatiky